000 00446nam a2200205Ia 4500
001 13432
003 GE_BSU
008 181216s||||||||xx |||||||||||||| ||und||
020 _a9780099570752
040 _cGE_BSU
080 _a821.111-312.4
100 _aPatterson,James.
245 _aNeil McManon Toys.
260 _aLondon.
260 _bArrow Books.
260 _c2011
300 _a467p;
653 _aNeil McManon Toys.
942 _cBK
999 _c46592
_d46592